Every City The Beatles Performed In (Empty Map) - Statistics

General Stats
  • This quiz has been taken 54 times
  • The average score is 75 of 188
Answers on the Map
Answers color-coded by a green-red scale on the quiz's map according to % correct below.
 
Answer Stats
Country City / Town % Correct
England Liverpool
100%
England London
98%
Australia Sydney
96%
Scotland Edinburgh
94%
Scotland Glasgow
94%
Spain Madrid
94%
England Manchester
94%
United States New York
94%
Italy Rome
91%
Spain Barcelona
89%
England Birmingham
89%
Wales Cardiff
89%
Ireland Dublin
89%
United States Los Angeles
89%
United States Miami
89%
Australia Melbourne
87%
Italy Milan
87%
France Paris
87%
New Zealand Wellington
87%
Denmark Copenhagen
85%
United States Dallas
85%
Germany Hamburg
85%
Sweden Stockholm
85%
Japan Tokyo
85%
Netherlands Amsterdam
83%
New Zealand Auckland
83%
United States Chicago
81%
Germany Munich
81%
United States Boston
79%
United States Detroit
79%
United States Houston
79%
England Leeds
79%
France Lyon
79%
United States Morrison
79%
United States San Francisco
79%
United States Seattle
77%
Philippines Manila
74%
England Newcastle
74%
Scotland Aberdeen
72%
Australia Brisbane
72%
Canada Toronto
72%
United States Washington
72%
Australia Adelaide
70%
Northern Ireland Belfast
70%
United States Las Vegas
70%
United States Philadelphia
70%
England Sheffield
70%
England Bristol
68%
Canada Vancouver
68%
United States Atlanta
64%
United States Bloomington
64%
United States Memphis
64%
United States Portland
64%
United States San Diego
64%
England Southampton
64%
New Zealand Christchurch
62%
Canada Montreal
62%
England Norwich
62%
England Oxford
62%
England Brighton
60%
Scotland Dundee
60%
United States New Orleans
60%
England Cambridge
57%
England Nottingham
57%
United States St Louis
57%
United States Indianapolis
55%
United States Milwaukee
55%
England York
55%
United States Baltimore
53%
United States Cleveland
53%
England Plymouth
53%
Hong Kong Hong Kong
51%
England Leicester
51%
United States Cincinnati
49%
United States Kansas City
49%
France Nice
49%
England Portsmouth
49%
England Bath
47%
Sweden Gothenburg
47%
United States Pittsburgh
47%
England Coventry
45%
England Stoke-on-Trent
45%
England Blackpool
40%
England Bournemouth
40%
England Chester
40%
England Hull
40%
England Ipswich
40%
United States Jacksonville
40%
England Sunderland
40%
England Worcester
40%
England Exeter
38%
England Lincoln
38%
England Bradford
36%
England Gloucester
36%
England Middlesbrough
36%
Italy Genoa
34%
England Preston
34%
England Wolverhampton
34%
England Luton
32%
England Swindon
32%
England Carlisle
30%
New Zealand Dunedin
30%
Germany Essen
30%
England Northampton
30%
England Peterborough
30%
England Darwen
28%
England St Helens
28%
England Birkenhead
26%
England Oldham
26%
Wales Rhyl
23%
England Southport
23%
England Doncaster
21%
England Huddersfield
21%
England Salisbury
21%
England Southend-on-Sea
21%
England Stockport
21%
England Wallasey
21%
England Widnes
21%
England Wigan
19%
England Bedford
17%
England Cheltenham
17%
Wales Llandudno
17%
England Warrington
17%
England Weston-super-Mare
17%
England Bootle
15%
England Ellesmere Port
15%
England Runcorn
15%
England Wakefield
15%
Wales Abergavenny
13%
England Croydon
13%
Wales Mold
13%
England Morecambe
13%
England Scarborough
13%
England Huyton
11%
England Macclesfield
11%
England Mansfield
11%
England Margate
11%
Wales Prestatyn
11%
England Taunton
11%
France Versailles
11%
England Bebington
9%
England Fleetwood
9%
England Northwich
9%
England Shrewsbury
9%
England Slough
9%
England Tamworth
9%
England Aldershot
6%
United States Atlantic City
6%
England Chatham
6%
England Crosby
6%
England Earlestown
6%
England Frodsham
6%
England Guildford
6%
England Harrogate
6%
England Heswall
6%
Sweden Karlstad
6%
Scotland Kirkcaldy
6%
England Litherland
6%
England Nelson
6%
England Nuneaton
6%
Jersey St Helier
6%
England Stockton-on-Tees
6%
England Stowe
6%
Guernsey St Peter Port
6%
England Torquay
6%
Netherlands Blokker
4%
England Crewe
4%
Scotland Elgin
4%
England Great Yarmouth
4%
England Hoylake
4%
England Lydney
4%
England Maghull
4%
England Smethwick
4%
England Stroud
4%
England Sutton Coldfield
4%
Sweden Borås
2%
Scotland Bridge of Allan
2%
England Buxton
2%
Scotland Dingwall
2%
Sweden Eskilstuna
2%
Netherlands Hillegom
2%
England Middleton
2%
England Old Hill
2%
England Romford
2%
England Seaforth
2%
England Tenbury Wells
2%
England Urmston
2%
England Whitchurch
2%
No matching quizzes found
Score Distribution
Percent of People with Each Score
Percentile by Number Answered
Your Score History
You have not taken this quiz